[Event "EYCC 2024 - G14"]
[Site "?"]
[Date "2024.08.22"]
[Round "1.1"]
[White "Vujovic, Vera"]
[Black "Brunner, Josephina Akiko"]
[Result "1-0"]
[BlackElo "1760"]
[WhiteElo "2175"]
[LiveChessVersion "1.4.8"]

1. e4 {[%clk 1:30:59]} e5 {[%clk 1:30:51]} 2. Nf3 {[%clk 1:31:24]} Nc6
{[%clk 1:31:09]} 3. Bc4 {[%clk 1:31:49]} Nf6 {[%clk 1:31:19]} 4. d3
{[%clk 1:32:09]} Bc5 {[%clk 1:31:34]} 5. c3 {[%clk 1:32:05]} a6 {[%clk 1:31:22]}
6. Bb3 {[%clk 1:32:25]} d6 {[%clk 1:31:15]} 7. Nbd2 {[%clk 1:32:30]} Ba7
{[%clk 1:30:58]} 8. Nf1 {[%clk 1:32:00]} O-O {[%clk 1:29:46]} 9. Ng3
{[%clk 1:30:51]} Be6 {[%clk 1:28:28]} 10. Bc2 {[%clk 1:31:09]} Qd7
{[%clk 1:20:59]} 11. O-O {[%clk 1:25:48]} h6 {[%clk 1:16:31]} 12. a3
{[%clk 1:19:09]} Rad8 {[%clk 1:02:57]} 13. d4 {[%clk 1:16:47]} exd4
{[%clk 1:02:41]} 14. cxd4 {[%clk 1:17:04]} Bg4 {[%clk 1:00:00]} 15. Be3
{[%clk 1:12:51]} Bxf3 {[%clk 0:54:09]} 16. gxf3 {[%clk 1:13:08]} Ne7
{[%clk 0:51:06]} 17. Kh1 {[%clk 1:04:01]} Bb6 {[%clk 0:36:22]} 18. Rg1
{[%clk 0:58:27]} Kh8 {[%clk 0:30:23]} 19. Qf1 {[%clk 0:54:24]} Rg8
{[%clk 0:24:21]} 20. Rc1 {[%clk 0:52:23]} Qb5 {[%clk 0:21:59]} 21. Qh3
{[%clk 0:45:15]} Qd7 {[%clk 0:20:44]} 22. Nf5 {[%clk 0:43:10]} Nxf5
{[%clk 0:19:50]} 23. exf5 {[%clk 0:43:33]} Nh7 {[%clk 0:11:18]} 24. Rg4
{[%clk 0:30:52]} f6 {[%clk 0:09:10]} 25. Rcg1 {[%clk 0:30:10]} Qc6
{[%clk 0:07:41]} 26. Bb3 {[%clk 0:28:32]} d5 {[%clk 0:07:59]} 27. Qg2
{[%clk 0:27:58]} Qe8 {[%clk 0:05:50]} 28. Rxg7 {[%clk 0:27:28]} Ng5
{[%clk 0:04:05]} 29. Rxg8+ {[%clk 0:27:49]} Qxg8 {[%clk 0:04:27]} 30. h4
{[%clk 0:28:02]} Nf7 {[%clk 0:04:18]} 31. Qg6 {[%clk 0:27:32]} Qxg6
{[%clk 0:04:09]} 32. fxg6 {[%clk 0:27:57]} Nd6 {[%clk 0:03:51]} 33. g7+
{[%clk 0:27:23]} Kg8 {[%clk 0:03:58]} 34. Bxd5+ {[%clk 0:27:42]} Nf7
{[%clk 0:04:22]} 35. Be6 {[%clk 0:27:43]} h5 {[%clk 0:04:23]} 36. Rg6
{[%clk 0:27:08]} Re8 {[%clk 0:03:21]} 37. Rxf6 {[%clk 0:26:44]} Re7
{[%clk 0:03:43]} 38. Rg6 {[%clk 0:26:34]} Re8 {[%clk 0:03:30]} 39. f4
{[%clk 0:26:57]} c6 {[%clk 0:03:30]} 40. f5 {[%clk 0:26:59]} Bd8 {[%clk 0:03:43]}
41. Bg5 {[%clk 0:27:08]} Bxg5 {[%clk 0:03:33]} 42. hxg5 {[%clk 0:27:34]} h4
{[%clk 0:03:39]} 43. Rf6 {[%clk 0:27:51]} 1-0

[Event "EYCC 2024 - G14"]
[Site "?"]
[Date "2024.08.22"]
[Round "1.2"]
[White "Timagina, Sofia"]
[Black "Kuznecova, Marija"]
[Result "0-1"]
[BlackElo "2174"]
[WhiteElo "1749"]
[LiveChessVersion "1.4.8"]

1. e4 {[%clk 1:30:59]} c5 {[%clk 1:30:53]} 2. Nf3 {[%clk 1:31:21]} d6
{[%clk 1:31:16]} 3. d4 {[%clk 1:31:44]} cxd4 {[%clk 1:31:39]} 4. Nxd4
{[%clk 1:32:08]} Nf6 {[%clk 1:32:00]} 5. Nc3 {[%clk 1:32:31]} a6 {[%clk 1:32:23]}
6. g3 {[%clk 1:32:42]} e5 {[%clk 1:32:33]} 7. Nb3 {[%clk 1:33:02]} Be7
{[%clk 1:32:50]} 8. Bg2 {[%clk 1:32:58]} O-O {[%clk 1:33:02]} 9. O-O
{[%clk 1:33:14]} b5 {[%clk 1:33:10]} 10. a4 {[%clk 1:32:35]} b4 {[%clk 1:33:10]}
11. Nd5 {[%clk 1:32:45]} a5 {[%clk 1:32:22]} 12. Re1 {[%clk 1:30:00]} Nbd7
{[%clk 1:27:44]} 13. Nd2 {[%clk 1:20:09]} Nxd5 {[%clk 1:24:53]} 14. exd5
{[%clk 1:20:31]} f5 {[%clk 1:25:07]} 15. c4 {[%clk 0:52:47]} Qc7 {[%clk 1:00:29]}
16. b3 {[%clk 0:49:05]} Bf6 {[%clk 0:56:54]} 17. Bb2 {[%clk 0:47:37]} Nc5
{[%clk 0:56:32]} 18. Qc2 {[%clk 0:45:10]} Bg5 {[%clk 0:51:33]} 19. Nf3
{[%clk 0:41:45]} Bh6 {[%clk 0:45:32]} 20. Rad1 {[%clk 0:34:54]} Ra7
{[%clk 0:41:17]} 21. Nxe5 {[%clk 0:15:24]} dxe5 {[%clk 0:41:26]} 22. d6
{[%clk 0:14:13]} Qf7 {[%clk 0:36:53]} 23. Rxe5 {[%clk 0:13:19]} Ne4
{[%clk 0:36:13]} 24. c5 {[%clk 0:11:36]} Be6 {[%clk 0:34:26]} 25. Rd3
{[%clk 0:11:08]} Bg5 {[%clk 0:29:13]} 26. c6 {[%clk 0:05:25]} Bf6
{[%clk 0:26:20]} 27. Rb5 {[%clk 0:05:39]} Bxb2 {[%clk 0:18:12]} 28. Qxb2
{[%clk 0:05:55]} Rc8 {[%clk 0:18:23]} 29. d7 {[%clk 0:03:48]} Bxd7
{[%clk 0:18:03]} 30. cxd7 {[%clk 0:01:43]} Rxd7 {[%clk 0:18:26]} 31. Rxd7
{[%clk 0:01:27]} Qxd7 {[%clk 0:18:49]} 32. Bxe4 {[%clk 0:01:13]} fxe4
{[%clk 0:19:10]} 33. Rxa5 {[%clk 0:00:38]} Qd1+ {[%clk 0:16:45]} 34. Kg2
{[%clk 0:01:04]} Qf3+ {[%clk 0:17:11]} 35. Kh3 {[%clk 0:00:36]} Rf8
{[%clk 0:16:48]} 36. Ra7 {[%clk 0:00:35]} Rf6 {[%clk 0:14:59]} 37. Ra8+
{[%clk 0:00:38]} Kf7 {[%clk 0:15:22]} 38. Ra7+ {[%clk 0:00:56]} Kg6
{[%clk 0:12:16]} 39. Qe5 {[%clk 0:00:39]} Qe2 {[%clk 0:11:07]} 40. Qe8+
{[%clk 0:00:37]} Kh6 {[%clk 0:11:25]} 41. Qe7 {[%clk 0:00:33]} Qh5+
{[%clk 0:10:34]} 42. Kg2 {[%clk 0:00:52]} Qf3+ {[%clk 0:11:02]} 43. Kh3
{[%clk 0:01:10]} Qf5+ {[%clk 0:11:16]} 44. Kg2 {[%clk 0:00:40]} Qxf2+
{[%clk 0:11:38]} 45. Kh3 {[%clk 0:01:08]} Qf5+ {[%clk 0:11:24]} 46. Kg2
{[%clk 0:01:17]} Qf1# {[%clk 0:11:47]} 0-1

[Event "EYCC 2024 - G14"]
[Site "?"]
[Date "2024.08.22"]
[Round "1.3"]
[White "Mgeladze, Kesaria"]
[Black "Sida, Flavia-Maria"]
[Result "1-0"]
[BlackElo "1746"]
[WhiteElo "2152"]
[LiveChessVersion "1.4.8"]

1. e4 {[%clk 1:30:56]} c5 {[%clk 1:30:56]} 2. Nf3 {[%clk 1:31:13]} d6
{[%clk 1:31:21]} 3. d4 {[%clk 1:31:38]} cxd4 {[%clk 1:31:31]} 4. Nxd4
{[%clk 1:32:03]} Nf6 {[%clk 1:31:57]} 5. Nc3 {[%clk 1:32:27]} a6 {[%clk 1:32:11]}
6. f3 {[%clk 1:32:43]} e5 {[%clk 1:32:28]} 7. Nb3 {[%clk 1:32:55]} Be6
{[%clk 1:32:09]} 8. Be3 {[%clk 1:33:09]} h5 {[%clk 1:32:22]} 9. Nd5
{[%clk 1:33:17]} Bxd5 {[%clk 1:32:06]} 10. exd5 {[%clk 1:33:39]} Nbd7
{[%clk 1:32:14]} 11. Qd2 {[%clk 1:33:32]} g6 {[%clk 1:31:36]} 12. O-O-O
{[%clk 1:31:24]} Nb6 {[%clk 1:31:19]} 13. Kb1 {[%clk 1:31:18]} Nbxd5
{[%clk 1:10:57]} 14. Bg5 {[%clk 1:31:20]} Be7 {[%clk 1:10:58]} 15. Bd3
{[%clk 1:28:51]} O-O {[%clk 1:03:44]} 16. h4 {[%clk 1:15:57]} a5 {[%clk 0:50:07]}
17. a4 {[%clk 0:44:28]} Qc7 {[%clk 0:46:55]} 18. g4 {[%clk 0:37:06]} Nb4
{[%clk 0:45:43]} 19. Bxf6 {[%clk 0:37:08]} Bxf6 {[%clk 0:39:33]} 20. gxh5
{[%clk 0:37:33]} Nxd3 {[%clk 0:36:50]} 21. Qxd3 {[%clk 0:37:47]} Bg7
{[%clk 0:33:30]} 22. hxg6 {[%clk 0:37:24]} fxg6 {[%clk 0:33:45]} 23. Rhg1
{[%clk 0:34:18]} Rac8 {[%clk 0:27:45]} 24. Rxg6 {[%clk 0:33:22]} Rxf3
{[%clk 0:24:21]} 25. Rxg7+ {[%clk 0:33:31]} Kxg7 {[%clk 0:24:01]} 26. Rg1+
{[%clk 0:33:56]} Kh8 {[%clk 0:23:33]} 27. Qxf3 {[%clk 0:34:21]} Qxc2+
{[%clk 0:22:06]} 28. Ka2 {[%clk 0:34:44]} 1-0

[Event "EYCC 2024 - G14"]
[Site "?"]
[Date "2024.08.22"]
[Round "1.4"]
[White "Panagiotopoulou, Nikoletta Christina"]
[Black "Smietanska, Wiktoria"]
[Result "0-1"]
[BlackElo "2143"]
[WhiteElo "1731"]
[LiveChessVersion "1.4.8"]

1. e4 {[%clk 1:30:57]} c5 {[%clk 1:30:48]} 2. Nf3 {[%clk 1:31:22]} d6
{[%clk 1:31:07]} 3. d4 {[%clk 1:31:48]} cxd4 {[%clk 1:31:29]} 4. Nxd4
{[%clk 1:32:13]} Nf6 {[%clk 1:31:47]} 5. Nc3 {[%clk 1:32:38]} a6 {[%clk 1:32:08]}
6. Be2 {[%clk 1:33:00]} e5 {[%clk 1:32:03]} 7. Nf3 {[%clk 1:33:18]} Be7
{[%clk 1:31:30]} 8. Bg5 {[%clk 1:33:38]} Nbd7 {[%clk 1:28:03]} 9. a4
{[%clk 1:33:55]} O-O {[%clk 1:21:50]} 10. O-O {[%clk 1:33:48]} Qc7
{[%clk 1:19:49]} 11. Nd2 {[%clk 1:30:45]} b6 {[%clk 1:14:36]} 12. Nc4
{[%clk 1:25:44]} Bb7 {[%clk 1:12:11]} 13. f3 {[%clk 1:17:27]} Rfd8
{[%clk 1:08:25]} 14. Be3 {[%clk 1:09:52]} Bc6 {[%clk 0:52:26]} 15. a5
{[%clk 1:05:12]} b5 {[%clk 0:50:58]} 16. Nb6 {[%clk 1:02:02]} Rab8
{[%clk 0:50:27]} 17. g4 {[%clk 0:54:20]} h6 {[%clk 0:45:35]} 18. Rf2
{[%clk 0:42:25]} Qb7 {[%clk 0:40:53]} 19. Nbd5 {[%clk 0:33:30]} Bxd5
{[%clk 0:39:07]} 20. Nxd5 {[%clk 0:26:17]} Nxd5 {[%clk 0:39:00]} 21. exd5
{[%clk 0:26:11]} Rdc8 {[%clk 0:34:21]} 22. Bd3 {[%clk 0:22:10]} Nf6
{[%clk 0:28:47]} 23. Bf5 {[%clk 0:21:34]} Rc4 {[%clk 0:21:10]} 24. b3
{[%clk 0:13:42]} Rc3 {[%clk 0:19:40]} 25. Bd2 {[%clk 0:13:06]} Rc5
{[%clk 0:17:29]} 26. Be4 {[%clk 0:11:48]} Rbc8 {[%clk 0:14:08]} 27. Bb4
{[%clk 0:10:45]} R5c7 {[%clk 0:09:54]} 28. Bf5 {[%clk 0:09:46]} Rd8
{[%clk 0:10:06]} 29. Qd2 {[%clk 0:06:15]} Qxd5 {[%clk 0:07:36]} 30. Qe3
{[%clk 0:04:37]} Qc6 {[%clk 0:07:42]} 31. Be4 {[%clk 0:02:28]} d5
{[%clk 0:06:47]} 32. Bxe7 {[%clk 0:02:47]} Rxe7 {[%clk 0:07:15]} 33. Bf5
{[%clk 0:02:04]} e4 {[%clk 0:05:53]} 34. g5 {[%clk 0:01:30]} hxg5
{[%clk 0:05:23]} 35. Qxg5 {[%clk 0:01:50]} g6 {[%clk 0:02:12]} 36. fxe4
{[%clk 0:01:13]} Kg7 {[%clk 0:00:44]} 37. Raf1 {[%clk 0:00:51]} Rd6
{[%clk 0:00:36]} 38. exd5 {[%clk 0:00:49]} Qxd5 {[%clk 0:00:37]} 39. Qg2
{[%clk 0:00:36]} Rc7 {[%clk 0:00:33]} 40. Bd3 {[%clk 0:00:40]} Qxg2+
{[%clk 0:00:35]} 41. Rxg2 {[%clk 0:00:57]} Nd5 {[%clk 0:01:00]} 42. Rf3
{[%clk 0:00:43]} Nb4 {[%clk 0:01:15]} 43. Be4 {[%clk 0:00:35]} Re6
{[%clk 0:00:36]} 44. Bd3 {[%clk 0:00:49]} Nxd3 {[%clk 0:00:34]} 45. Rxd3
{[%clk 0:01:12]} Re1+ {[%clk 0:00:49]} 46. Kf2 {[%clk 0:01:22]} Ra1
{[%clk 0:00:57]} 47. b4 {[%clk 0:01:27]} Rxc2+ {[%clk 0:01:18]} 48. Kf3
{[%clk 0:01:37]} Rc6 {[%clk 0:01:40]} 49. Rgd2 {[%clk 0:01:41]} Rf1+
{[%clk 0:01:26]} 50. Ke4 {[%clk 0:00:56]} Rff6 {[%clk 0:01:41]} 51. Ke5
{[%clk 0:00:35]} Rfe6+ {[%clk 0:01:55]} 52. Kd5 {[%clk 0:00:46]} f5
{[%clk 0:01:46]} 53. Kd4 {[%clk 0:00:47]} Rc4+ {[%clk 0:01:42]} 54. Kd5
{[%clk 0:01:14]} Ree4 {[%clk 0:01:15]} 55. Rd4 {[%clk 0:00:50]} Rcxd4+
{[%clk 0:00:49]} 56. Rxd4 {[%clk 0:01:15]} Rxd4+ {[%clk 0:01:17]} 57. Kxd4
{[%clk 0:01:40]} f4 {[%clk 0:00:42]} 58. Ke4 {[%clk 0:02:07]} g5 {[%clk 0:01:03]}
59. h3 {[%clk 0:01:52]} Kf6 {[%clk 0:01:07]} 60. Kf3 {[%clk 0:01:30]} Kf5
{[%clk 0:01:28]} 61. Ke2 {[%clk 0:01:31]} g4 {[%clk 0:00:49]} 62. hxg4+
{[%clk 0:01:33]} Kxg4 {[%clk 0:01:17]} 63. Kf2 {[%clk 0:01:49]} f3
{[%clk 0:01:31]} 64. Kf1 {[%clk 0:02:08]} Kf4 {[%clk 0:01:56]} 65. Kf2
{[%clk 0:02:27]} Ke4 {[%clk 0:02:17]} 66. Kf1 {[%clk 0:02:50]} Kd4
{[%clk 0:02:32]} 0-1

[Event "EYCC 2024 - G14"]
[Site "?"]
[Date "2024.08.22"]
[Round "1.5"]
[White "Li, Anna Sofie"]
[Black "Ashotia, Barbare"]
[Result "1-0"]
[BlackElo "1724"]
[WhiteElo "2032"]
[LiveChessVersion "1.4.8"]

1. e4 {[%clk 1:30:57]} c5 {[%clk 1:30:44]} 2. Nf3 {[%clk 1:31:19]} Nc6
{[%clk 1:31:02]} 3. d4 {[%clk 1:31:40]} cxd4 {[%clk 1:31:13]} 4. Nxd4
{[%clk 1:32:03]} Nf6 {[%clk 1:31:20]} 5. Nc3 {[%clk 1:32:26]} e5 {[%clk 1:31:32]}
6. Ndb5 {[%clk 1:32:50]} d6 {[%clk 1:31:51]} 7. Nd5 {[%clk 1:31:48]} Nxd5
{[%clk 1:31:46]} 8. exd5 {[%clk 1:32:10]} Nb8 {[%clk 1:32:03]} 9. a4
{[%clk 1:32:12]} Be7 {[%clk 1:32:01]} 10. Be2 {[%clk 1:31:56]} O-O
{[%clk 1:31:38]} 11. Bd2 {[%clk 1:30:51]} a6 {[%clk 1:29:06]} 12. Na3
{[%clk 1:30:18]} f5 {[%clk 1:25:12]} 13. O-O {[%clk 1:27:02]} f4 {[%clk 1:22:01]}
14. a5 {[%clk 1:23:00]} e4 {[%clk 1:18:16]} 15. Nc4 {[%clk 1:18:05]} Nd7
{[%clk 1:12:24]} 16. Bg4 {[%clk 1:13:30]} Ne5 {[%clk 1:08:46]} 17. Bxc8
{[%clk 1:06:16]} Rxc8 {[%clk 1:05:56]} 18. Nb6 {[%clk 1:04:45]} f3
{[%clk 0:50:04]} 19. Re1 {[%clk 0:44:31]} fxg2 {[%clk 0:22:01]} 20. Rxe4
{[%clk 0:30:13]} Nf3+ {[%clk 0:20:36]} 21. Kxg2 {[%clk 0:29:34]} Rc7
{[%clk 0:16:47]} 22. Ra3 {[%clk 0:22:47]} Nxd2 {[%clk 0:11:58]} 23. Qxd2
{[%clk 0:22:58]} Bg5 {[%clk 0:11:52]} 24. Qe2 {[%clk 0:19:35]} Rcf7
{[%clk 0:10:28]} 25. f3 {[%clk 0:17:40]} Bf4 {[%clk 0:10:08]} 26. Rc3
{[%clk 0:15:40]} Qg5+ {[%clk 0:09:12]} 27. Kh1 {[%clk 0:15:17]} Be5
{[%clk 0:06:36]} 28. Rce3 {[%clk 0:11:52]} Bf4 {[%clk 0:04:01]} 29. Rb3
{[%clk 0:09:28]} h5 {[%clk 0:02:20]} 30. Nc4 {[%clk 0:07:22]} Qxd5
{[%clk 0:01:57]} 31. Rd3 {[%clk 0:07:04]} Qg5 {[%clk 0:02:03]} 32. Re6
{[%clk 0:05:44]} Qc5 {[%clk 0:01:01]} 33. Nxd6 {[%clk 0:02:39]} Bxd6
{[%clk 0:01:20]} 34. Rexd6 {[%clk 0:02:58]} Qxa5 {[%clk 0:01:31]} 35. R6d5
{[%clk 0:02:39]} Qa1+ {[%clk 0:01:37]} 36. Rd1 {[%clk 0:02:55]} Qxb2
{[%clk 0:01:55]} 37. Rxh5 {[%clk 0:03:14]} Qf6 {[%clk 0:01:54]} 38. Rh3
{[%clk 0:01:41]} Qc6 {[%clk 0:01:36]} 39. Qd3 {[%clk 0:01:13]} g6
{[%clk 0:00:38]} 40. Qd4 {[%clk 0:01:17]} Qf6 {[%clk 0:00:55]} 41. Qe4
{[%clk 0:01:11]} Qf5 {[%clk 0:01:05]} 42. Qh4 {[%clk 0:01:18]} Qh5
{[%clk 0:00:48]} 43. Qxh5 {[%clk 0:00:48]} gxh5 {[%clk 0:01:16]} 44. Rxh5
{[%clk 0:00:51]} Rxf3 {[%clk 0:00:57]} 45. Rg1+ {[%clk 0:01:12]} Kf7
{[%clk 0:01:23]} 46. Rh7+ {[%clk 0:01:38]} Ke6 {[%clk 0:01:48]} 47. Rxb7
{[%clk 0:01:47]} Rf2 {[%clk 0:01:58]} 48. c4 {[%clk 0:01:20]} Rh8
{[%clk 0:02:06]} 49. Rb6+ {[%clk 0:01:06]} Kd7 {[%clk 0:02:25]} 50. Rg7+
{[%clk 0:01:20]} Kc8 {[%clk 0:02:36]} 51. Rc6+ {[%clk 0:01:24]} Kb8
{[%clk 0:02:59]} 52. Rb6+ {[%clk 0:01:46]} Kc8 {[%clk 0:03:23]} 53. Rxa6
{[%clk 0:02:05]} Rfxh2+ {[%clk 0:03:43]} 54. Kg1 {[%clk 0:02:18]} Rh1+
{[%clk 0:03:57]} 55. Kf2 {[%clk 0:02:41]} R1h2+ {[%clk 0:04:13]} 56. Ke3
{[%clk 0:03:01]} R2h3+ {[%clk 0:04:28]} 57. Kd4 {[%clk 0:03:17]} Rd8+
{[%clk 0:04:14]} 58. Kc5 {[%clk 0:03:23]} Rh5+ {[%clk 0:04:14]} 59. Kb4
{[%clk 0:03:37]} Kb8 {[%clk 0:04:25]} 60. c5 {[%clk 0:03:38]} Rc8
{[%clk 0:04:02]} 61. Rb6+ {[%clk 0:03:16]} Ka8 {[%clk 0:04:22]} 62. Rg1
{[%clk 0:01:36]} Rh7 {[%clk 0:03:41]} 63. Kb5 {[%clk 0:01:29]} Rf7
{[%clk 0:01:30]} 64. Ra1+ {[%clk 0:01:27]} Ra7 {[%clk 0:01:58]} 65. Rxa7+
{[%clk 0:01:12]} Kxa7 {[%clk 0:02:27]} 66. Ra6+ {[%clk 0:01:11]} Kb7
{[%clk 0:02:44]} 67. c6+ {[%clk 0:01:20]} Kc7 {[%clk 0:01:29]} 68. Kc5
{[%clk 0:01:28]} Kb8 {[%clk 0:00:35]} 69. Kb6 {[%clk 0:01:40]} Rc7
{[%clk 0:00:38]} 70. Ra8+ {[%clk 0:02:02]} Kxa8 {[%clk 0:01:02]} 71. Kxc7
{[%clk 0:02:27]} 1-0

[Event "EYCC 2024 - G14"]
[Site "?"]
[Date "2024.08.22"]
[Round "1.6"]
[White "Mitraka, Chrysa"]
[Black "Zagorac, Lara"]
[Result "0-1"]
[BlackElo "2012"]
[WhiteElo "1724"]
[LiveChessVersion "1.4.8"]

1. d4 {[%clk 1:30:55]} d5 {[%clk 1:30:47]} 2. c4 {[%clk 1:31:12]} dxc4
{[%clk 1:31:05]} 3. e3 {[%clk 1:31:08]} e5 {[%clk 1:31:12]} 4. Bxc4
{[%clk 1:30:28]} Nc6 {[%clk 1:31:17]} 5. d5 {[%clk 1:19:22]} Nce7
{[%clk 1:27:15]} 6. Nc3 {[%clk 1:15:58]} Ng6 {[%clk 1:25:37]} 7. e4
{[%clk 1:11:47]} Nf6 {[%clk 1:23:24]} 8. Nf3 {[%clk 1:08:57]} a6 {[%clk 1:20:21]}
9. a3 {[%clk 0:57:01]} Bd6 {[%clk 1:19:01]} 10. Be3 {[%clk 0:55:08]} O-O
{[%clk 1:17:10]} 11. O-O {[%clk 0:54:19]} h6 {[%clk 1:15:37]} 12. Ne1
{[%clk 0:51:37]} Ng4 {[%clk 1:07:04]} 13. Nc2 {[%clk 0:42:07]} Nf4
{[%clk 1:01:02]} 14. Bxf4 {[%clk 0:32:06]} exf4 {[%clk 1:01:03]} 15. h3
{[%clk 0:30:42]} Ne5 {[%clk 1:01:08]} 16. Be2 {[%clk 0:30:09]} Qg5
{[%clk 0:59:50]} 17. Kh1 {[%clk 0:25:56]} Qh4 {[%clk 0:57:36]} 18. Ne1
{[%clk 0:20:49]} Bxh3 {[%clk 0:50:06]} 19. Kg1 {[%clk 0:16:11]} Qg5
{[%clk 0:48:11]} 20. Bf3 {[%clk 0:15:44]} Nxf3+ {[%clk 0:47:40]} 21. Qxf3
{[%clk 0:15:20]} Bg4 {[%clk 0:47:56]} 22. Qd3 {[%clk 0:15:12]} Qh5
{[%clk 0:43:39]} 23. Nf3 {[%clk 0:14:02]} Rae8 {[%clk 0:43:04]} 24. Rfe1
{[%clk 0:13:58]} Qg6 {[%clk 0:41:07]} 25. Nh4 {[%clk 0:09:59]} Qg5
{[%clk 0:39:19]} 26. Nf3 {[%clk 0:09:32]} Qf6 {[%clk 0:38:56]} 27. Rac1
{[%clk 0:07:35]} h5 {[%clk 0:38:40]} 28. Qd4 {[%clk 0:05:20]} Qg6
{[%clk 0:37:45]} 29. Qd3 {[%clk 0:04:38]} Be5 {[%clk 0:33:52]} 30. Nxe5
{[%clk 0:02:11]} Rxe5 {[%clk 0:34:09]} 31. f3 {[%clk 0:00:56]} Bh3
{[%clk 0:34:00]} 32. Qd2 {[%clk 0:01:01]} Rg5 {[%clk 0:32:15]} 33. Re2
{[%clk 0:01:03]} Rg3 {[%clk 0:31:49]} 34. Kh1 {[%clk 0:00:34]} Bc8
{[%clk 0:24:31]} 35. Qxf4 {[%clk 0:00:44]} c6 {[%clk 0:21:08]} 36. dxc6
{[%clk 0:00:43]} bxc6 {[%clk 0:21:30]} 37. Na2 {[%clk 0:00:48]} a5
{[%clk 0:13:38]} 38. Rec2 {[%clk 0:00:44]} Be6 {[%clk 0:13:41]} 39. Nc3
{[%clk 0:00:53]} Rg5 {[%clk 0:13:58]} 40. Rd2 {[%clk 0:00:42]} h4
{[%clk 0:14:07]} 41. Na4 {[%clk 0:00:50]} h3 {[%clk 0:12:08]} 42. g4
{[%clk 0:00:53]} Bxg4 {[%clk 0:09:55]} 43. fxg4 {[%clk 0:00:55]} Rxg4
{[%clk 0:10:24]} 44. Qf3 {[%clk 0:00:42]} Rg2 {[%clk 0:05:22]} 45. Rxg2
{[%clk 0:00:45]} hxg2+ {[%clk 0:05:47]} 46. Kg1 {[%clk 0:00:54]} Qh6
{[%clk 0:05:55]} 47. Rc5 {[%clk 0:00:57]} Qh1+ {[%clk 0:06:13]} 48. Kf2
{[%clk 0:00:43]} g1=Q+ {[%clk 0:06:31]} 49. Ke2 {[%clk 0:00:50]} Qd1+
{[%clk 0:06:52]} 50. Ke3 {[%clk 0:00:40]} Qhxf3# {[%clk 0:07:16]} 0-1

[Event "EYCC 2024 - G14"]
[Site "?"]
[Date "2024.08.22"]
[Round "1.7"]
[White "Bernard, Ines"]
[Black "Khairova, Evelina"]
[Result "1-0"]
[BlackElo "1717"]
[WhiteElo "2005"]
[LiveChessVersion "1.4.8"]

1. e4 {[%clk 1:30:53]} c6 {[%clk 1:30:52]} 2. d4 {[%clk 1:31:19]} d5
{[%clk 1:31:19]} 3. exd5 {[%clk 1:31:41]} cxd5 {[%clk 1:31:34]} 4. Bd3
{[%clk 1:32:08]} Nc6 {[%clk 1:30:59]} 5. c3 {[%clk 1:32:34]} e6 {[%clk 1:30:28]}
6. Bf4 Bd6 {[%clk 1:30:52]} 7. Bg3 {[%clk 1:33:24]} Nge7 {[%clk 1:29:43]} 8. Nf3
{[%clk 1:33:09]} Qc7 {[%clk 1:29:05]} 9. Qe2 {[%clk 1:32:46]} f6 {[%clk 1:22:10]}
10. Nh4 {[%clk 1:25:54]} g6 {[%clk 1:14:45]} 11. Na3 {[%clk 1:20:34]} a6
{[%clk 1:12:10]} 12. Bxd6 {[%clk 1:19:31]} Qxd6 {[%clk 1:11:09]} 13. Nf3
{[%clk 1:14:25]} O-O {[%clk 0:59:20]} 14. Rd1 {[%clk 1:09:47]} b5
{[%clk 0:56:43]} 15. Nc2 {[%clk 1:07:26]} Nf5 {[%clk 0:46:42]} 16. O-O
{[%clk 1:04:39]} Bd7 {[%clk 0:39:19]} 17. Qd2 {[%clk 0:57:38]} Kg7
{[%clk 0:36:22]} 18. Rfe1 {[%clk 0:57:03]} h5 {[%clk 0:36:01]} 19. Bxf5
{[%clk 0:55:45]} exf5 {[%clk 0:32:50]} 20. Qd3 {[%clk 0:51:04]} f4
{[%clk 0:30:17]} 21. Nh4 {[%clk 0:50:53]} f5 {[%clk 0:27:50]} 22. Nf3
{[%clk 0:51:17]} Rae8 {[%clk 0:22:55]} 23. Ng5 {[%clk 0:47:44]} h4
{[%clk 0:19:12]} 24. Qh3 {[%clk 0:44:56]} Rh8 {[%clk 0:15:42]} 25. Qf3
{[%clk 0:35:16]} Kf6 {[%clk 0:15:17]} 26. Rxe8 {[%clk 0:33:07]} Bxe8
{[%clk 0:15:25]} 27. Nh3 {[%clk 0:22:44]} g5 {[%clk 0:15:12]} 28. Kf1
{[%clk 0:18:46]} Bh5 {[%clk 0:14:53]} 29. Qd3 {[%clk 0:19:13]} Bxd1
{[%clk 0:15:09]} 30. Qxd1 {[%clk 0:19:40]} g4 {[%clk 0:15:06]} 31. Ng1
{[%clk 0:20:10]} f3 {[%clk 0:11:36]} 32. gxf3 {[%clk 0:19:42]} Qxh2
{[%clk 0:10:11]} 33. fxg4 {[%clk 0:20:09]} h3 {[%clk 0:07:31]} 34. Qf3
{[%clk 0:16:03]} Ne7 {[%clk 0:02:01]} 35. Ne3 {[%clk 0:15:14]} f4
{[%clk 0:00:47]} 36. Ne2 {[%clk 0:10:03]} Kg5 {[%clk 0:00:39]} 37. Nf5
{[%clk 0:07:47]} 1-0

[Event "EYCC 2024 - G14"]
[Site "?"]
[Date "2024.08.22"]
[Round "1.8"]
[White "Ceruta, Alexandra"]
[Black "Stara, Zuzana"]
[Result "1-0"]
[BlackElo "2005"]
[WhiteElo "1710"]
[LiveChessVersion "1.4.8"]

1. e4 {[%clk 1:30:59]} c6 {[%clk 1:30:57]} 2. d4 {[%clk 1:31:25]} d5
{[%clk 1:31:23]} 3. Nc3 {[%clk 1:31:43]} dxe4 {[%clk 1:31:43]} 4. Nxe4
{[%clk 1:32:07]} Nf6 {[%clk 1:32:07]} 5. Nxf6+ {[%clk 1:32:34]} exf6
{[%clk 1:32:31]} 6. Bc4 {[%clk 1:29:38]} Bd6 {[%clk 1:32:24]} 7. h3
{[%clk 1:26:39]} O-O {[%clk 1:32:35]} 8. Ne2 {[%clk 1:25:19]} Nd7
{[%clk 1:32:40]} 9. O-O {[%clk 1:22:44]} b5 {[%clk 1:32:34]} 10. Bd3
{[%clk 1:21:51]} Nb6 {[%clk 1:32:38]} 11. Nf4 {[%clk 1:13:34]} Bxf4
{[%clk 1:22:31]} 12. Bxf4 {[%clk 1:13:52]} Nd5 {[%clk 1:21:37]} 13. Bg3
{[%clk 1:12:33]} Be6 {[%clk 1:03:21]} 14. c3 {[%clk 1:08:09]} Qd7
{[%clk 1:02:41]} 15. Qc2 {[%clk 0:56:16]} h6 {[%clk 0:52:32]} 16. a4
{[%clk 0:52:33]} a5 {[%clk 0:43:08]} 17. axb5 {[%clk 0:49:39]} cxb5
{[%clk 0:42:35]} 18. Qe2 {[%clk 0:49:41]} b4 {[%clk 0:35:22]} 19. c4
{[%clk 0:48:02]} Nb6 {[%clk 0:30:40]} 20. d5 {[%clk 0:44:26]} Bf5
{[%clk 0:30:48]} 21. Bxf5 {[%clk 0:42:07]} Qxf5 {[%clk 0:31:17]} 22. b3
{[%clk 0:36:30]} a4 {[%clk 0:28:05]} 23. Bc7 {[%clk 0:33:48]} Nd7
{[%clk 0:24:49]} 24. bxa4 {[%clk 0:32:17]} Rfe8 {[%clk 0:23:00]} 25. Qb2
{[%clk 0:23:09]} Rec8 {[%clk 0:22:46]} 26. d6 {[%clk 0:22:39]} Qc5
{[%clk 0:21:56]} 27. Qb3 {[%clk 0:21:02]} Ne5 {[%clk 0:18:01]} 28. Rfd1
{[%clk 0:13:53]} Nc6 {[%clk 0:15:40]} 29. Rd5 {[%clk 0:13:16]} Qa7
{[%clk 0:15:44]} 30. a5 {[%clk 0:10:53]} Nd4 {[%clk 0:10:46]} 31. Qd1
{[%clk 0:07:23]} Ne6 {[%clk 0:10:39]} 32. Bb6 {[%clk 0:07:06]} Qd7
{[%clk 0:10:19]} 33. c5 {[%clk 0:06:45]} Nf4 {[%clk 0:08:09]} 34. Rd4
{[%clk 0:06:44]} Ne6 {[%clk 0:07:55]} 35. Rxb4 {[%clk 0:06:19]} Nxc5
{[%clk 0:07:36]} 36. Rc4 {[%clk 0:04:39]} Na6 {[%clk 0:05:58]} 37. Rxc8+
{[%clk 0:04:45]} Rxc8 {[%clk 0:06:20]} 38. Qe2 {[%clk 0:03:22]} Ra8
{[%clk 0:04:39]} 39. Qe7 {[%clk 0:03:18]} Nb8 {[%clk 0:00:45]} 40. Re1
{[%clk 0:02:31]} f5 {[%clk 0:00:36]} 41. Qe8+ {[%clk 0:02:47]} Kh7
{[%clk 0:00:45]} 42. Qxd7 {[%clk 0:02:32]} Nxd7 {[%clk 0:01:14]} 43. Re7
{[%clk 0:02:21]} Nxb6 {[%clk 0:00:31]} 44. axb6 {[%clk 0:02:39]} Kg6
{[%clk 0:00:31]} 45. d7 {[%clk 0:02:41]} Rd8 {[%clk 0:00:40]} 46. b7
{[%clk 0:02:55]} Kf6 {[%clk 0:00:44]} 47. Re8 1-0